Interaction between carboxylated nitrile rubber and precipitated silica : Role of (3-Aminopropyl) triethoxysilane (Record no. 61493)

MARC details
000 -LEADER
fixed length control field 00523nam a2200169Ia 4500
100 ## - MAIN ENTRY--AUTHOR NAME
Personal name Bandyopadhyay S
245 #0 - TITLE STATEMENT
Title Interaction between carboxylated nitrile rubber and precipitated silica : Role of (3-Aminopropyl) triethoxysilane
260 ## - PUBLICATION, DISTRIBUTION, ETC. (IMPRINT)
Name of publisher Rubber Chemistry and Technology
Year of publication 1996
300 ## - PHYSICAL DESCRIPTION
Number of Pages 637-647
650 ## - SUBJECT ADDED ENTRY--TOPICAL TERM
Topical Term Carboxylated nitrile rubber
650 ## - SUBJECT ADDED ENTRY--TOPICAL TERM
Topical Term Precipitated silica
700 ## - ADDED ENTRY--PERSONAL NAME
Personal name De AS K
700 ## - ADDED ENTRY--PERSONAL NAME
Personal name De P P
700 ## - ADDED ENTRY--PERSONAL NAME
Personal name Tripathy D K
942 ## - ADDED ENTRY ELEMENTS (KOHA)
Koha item type Journals
Holdings
Withdrawn status Lost status Damaged status Not for loan Home library Current library Shelving location Date acquired Serial Enumeration / chronology Koha item type
      Journals RRII Library RRII Library Rubber chemistry 17/12/2021 Volume 69, Issue 4 Journals